Tiere im Wald - BilderQuiz - Statistiken

Allgemein
  • Dieses Quiz wurde 649 mal gespielt
  • Das Durchschnittsergebnis liegt bei 13 aus 16
Antwortstatistiken
Bildquiz Antwort % Korrekt
Reh
99%
Wolf
98%
Fledermaus
97%
Fuchs
97%
Hirsch
97%
Eichhörnchen
96%
Maus
96%
Wildschwein
96%
Waschbär
94%
Luchs
92%
Uhu
92%
Dachs
90%
Buntspecht
63%
Marder
60%
Ringelnatter
48%
Rotmilan
15%
Keine übereinstimmenden Quizze gefunden
Verteilung der Resultate
Anzahl Personen mit jedem Resultat
Perzentil nach korrekt beantworteten Fragen
Ihre Resultats-Entwicklung
Sie haben dieses Quiz noch nicht gespielt